Biện pháp nâng cao chất lượng giáo dục hòa nhập trẻ khuyết tật tại trường Tiểu học Hải Vân, TP Đà Nẵng
Cơ sở lý luận về vấn đề. Thực trạng giáo dục hòa nhập trẻ khuyết tật tại trường Tiểu học Hải Vân, TP Đà Nẵng. Biện pháp nâng cao chất lượng giáo dục hòa nhập trẻ khuyết tật tại trường Tiểu học Hải Vân, TP Đà Nẵng
Spremljeno u:
| Glavni autor: | |
|---|---|
| Daljnji autori: | |
| Format: | Knjiga |
| Jezik: | Vietnamese |
| Izdano: |
Đại học Đà Nẵng
Trường đại học Sư Phạm
2009
|
| Serija: | Khóa luận tốt nghiệp đại học. Chuyên ngành: Sư phạm Giáo dục Đặc biệt
|
| Teme: | |
| Oznake: |
Dodaj oznaku
Bez oznaka, Budi prvi tko označuje ovaj zapis!
|
| Thư viện lưu trữ: | Mạng thư viện Đại học Đà Nẵng |
|---|
| LEADER | 01476nam a2200325 4500 | ||
|---|---|---|---|
| 001 | 000012247 | ||
| 003 | 8541 | ||
| 005 | 20120217080239.0 | ||
| 008 | 120217s2009 viesd | ||
| 041 | |a vie | ||
| 072 | |a Khóa luận tốt nghiệp | ||
| 082 | |a 305.9078 |b NG-P | ||
| 100 | |a Nguyễn, Trường Phi | ||
| 245 | |a Biện pháp nâng cao chất lượng giáo dục hòa nhập trẻ khuyết tật tại trường Tiểu học Hải Vân, TP Đà Nẵng |c Nguyễn, Trường Phi | ||
| 260 | |a Đại học Đà Nẵng |b Trường đại học Sư Phạm |c 2009 | ||
| 300 | |a 79 tr. |c 29 cm | ||
| 490 | |a Khóa luận tốt nghiệp đại học. Chuyên ngành: Sư phạm Giáo dục Đặc biệt | ||
| 500 | |a Tham khảo tr.78 + phụ lục [22 tr. ] | ||
| 520 | |a Cơ sở lý luận về vấn đề. Thực trạng giáo dục hòa nhập trẻ khuyết tật tại trường Tiểu học Hải Vân, TP Đà Nẵng. Biện pháp nâng cao chất lượng giáo dục hòa nhập trẻ khuyết tật tại trường Tiểu học Hải Vân, TP Đà Nẵng | ||
| 653 | |a Khóa luận tốt nghiệp đại học | ||
| 653 | |a Khoa Tâm lý - Giáo dục | ||
| 700 | |a Huỳnh, Thị Thu Hằng |c TS |e Hướng dẫn | ||
| OWN | |a LSP | ||
| 999 | |a From the UDN01 | ||
| TYP | |a Monograph | ||
| TYP | |a Printed language | ||
| 980 | |a Mạng thư viện Đại học Đà Nẵng | ||